000 00478 a2200145 4500
003 OSt
005 20231122152159.0
008 231122b |||||||| |||| 00| 0 eng d
020 _a9789350121290
040 _coclc
082 _a540
_bGUP/I
245 _aIIT- JAM Joint admission test for MSc.Chemistry Previous years papers & Practice Test Papers /
260 _aNew Delhi:
_bRamesh Publishing House,
_c2024.
942 _2ddc
_cBK
_h540
_iGUP/I
_k540
_mGUP/I
999 _c41854
_d41854